Schiff-bázisok kinetikai vizsgálata, IV. 2-oxibenzál-3'-oxianilin hidrolízise etanol-víz oldószerelegyben /

Elmentve itt :
Bibliográfiai részletek
Szerző: Nagy Pál
Dokumentumtípus: Cikk
Megjelent: 1963
Sorozat:A Szegedi Tanárképző Főiskola tudományos közleményei
Kulcsszavak:Kémia
Online Access:http://acta.bibl.u-szeged.hu/17520
LEADER 00685nab a2200181 i 4500
001 acta17520
005 20210615110756.0
008 161015s1963 hu o 0|| hun d
022 |a 0371-3458 
040 |a SZTE Egyetemi Kiadványok Repozitórium  |b hun 
041 |a hun 
100 1 |a Nagy Pál 
245 1 0 |a Schiff-bázisok kinetikai vizsgálata, IV.   |h [elektronikus dokumentum] :  |b 2-oxibenzál-3'-oxianilin hidrolízise etanol-víz oldószerelegyben /  |c  Nagy Pál 
260 |c 1963 
300 |a 221-228 
490 0 |a A Szegedi Tanárképző Főiskola tudományos közleményei 
695 |a Kémia 
856 4 0 |u http://acta.bibl.u-szeged.hu/17520/1/tanarkepzo_1963_2_221-228.pdf  |z Dokumentum-elérés